| 000 | 01031nas a2200361 4500 | ||
|---|---|---|---|
| 001 | BR0305612 | ||
| 003 | BR-BrBNA | ||
| 005 | 20231205104151.0 | ||
| 007 | ta | ||
| 008 | 230509b bl.|||p| |||| 00| 00por d | ||
| 040 |
_aBR-BrBNA _bpor _cBiblioteca Nacional de Agricultura |
||
| 041 | _a(Pt) | ||
| 072 | _aL01 | ||
| 100 | 1 | _aVercesi Filho, A.E. | |
| 100 | 1 | _aFaria, F.J.C. | |
| 100 | 1 | _aMadalena, F.E. | |
| 100 | 1 | _aJosahkian, L.A. | |
| 245 | 1 | _aEstrutura populacional do rebanho Tabapuã registrado no Brasil | |
| 650 | _aBOVINO | ||
| 650 | _aGADO | ||
| 650 | _aREBANHO | ||
| 650 | _aPOPULAÇÃO | ||
| 650 | _aLEVANTAMENTO POPULACIONAL | ||
| 650 | _aTAMANHO | ||
| 650 | _aENDOGAMIA | ||
| 650 | _aESTATÍSTICA | ||
| 650 | _aPROGÊNIE | ||
| 650 | _aGENOMA | ||
| 650 | _aREGISTRO GENEALÓGICO | ||
| 773 | 0 |
_tArquivo Brasileiro de Medicina Veterinária e Zootecnia (Brazil) _xISSN 0102-0935 _g(Dec 2002), v. 54(6) p. 609-617 _wBR0305612 |
|
| 909 |
_a202311 _bLúcia _c55 _dLúcia Elande |
||
| 942 |
_2AGRIS _n0 _cANA |
||
| 999 |
_c176717 _d176717 |
||